La moral del drama "Juan José" (Record no. 41159)
[ view plain ]
| 000 -LEADER | |
|---|---|
| campo de control de longitud fija | 00644nam a2200181 i 4500 |
| 001 - NÚMERO DE CONTROL | |
| campo de control | 41159 |
| 003 - IDENTIFICADOR DE NÚMERO DE CONTROL | |
| campo de control | ES-MaACL |
| 005 - FECHA Y HORA DE LA ÚLTIMA TRANSACCIÓN | |
| campo de control | 20231221193541.0 |
| 007 - CAMPO FIJO DE DESCRIPCIÓN FÍSICA--INFORMACIÓN GENERAL | |
| campo de control de longitud fija | t| |
| 008 - DATOS DE LONGITUD FIJA--INFORMACIÓN GENERAL | |
| campo de control de longitud fija | 030310s1917 sp ||||1|dspa d |
| 100 1# - ENTRADA PRINCIPAL--NOMBRE DE PERSONA | |
| Nombre de persona | Carabias, Julio. |
| 9 (RLIN) | 34926 |
| 245 13 - MENCIÓN DEL TÍTULO | |
| Título | La moral del drama "Juan José" |
| Resto del título | : conferencia leída en la Casa del Pueblo de Baracaldo, en la velada necrológica de homenaje a Joaquín Dicenta / |
| Mención de responsabilidad, etc. | Julio Carabias. |
| 260 ## - PUBLICACIÓN, DISTRIBUCIÓN, ETC. | |
| Lugar de publicación, distribución, etc. | [Baracaldo, Vizcaya] : |
| Nombre del editor, distribuidor, etc. | Sucesores de Aldama, |
| Fecha de publicación, distribución, etc. | 1917. |
| 300 ## - DESCRIPCIÓN FÍSICA | |
| Extensión | 19 p. ; |
| Dimensiones | 21 cm. |
| 600 17 - PUNTO DE ACCESO ADICIONAL DE MATERIA--NOMBRE DE PERSONA | |
| Nombre de persona | Dicenta, Joaquín, |
| Fechas asociadas al nombre | 1863-1917 |
| Fuente del encabezamiento o término | embne |
| 9 (RLIN) | 44474 |
| 852 ## - LOCALIZACIÓN | |
| Ubicación | ES-MaACL |
| Número de control de estantería | 1543-F-3 |
| Estatus retirado | Estado de pérdida | Estado de daño | No para préstamo | Colección | Biblioteca de origen | Biblioteca actual | Ubicación en estantería | Fecha de adquisición | Fuente de adquisición | Total de préstamos | Signatura topográfica completa | Código de barras | Visto por última vez | Precio de reemplazo | Tipo de ítem Koha |
|---|---|---|---|---|---|---|---|---|---|---|---|---|---|---|---|
| Colección de folletos | Biblioteca del Ateneo de Madrid | Biblioteca del Ateneo de Madrid | Depósito folletos | 17/01/2008 | 1543-F-3 | 1043333 | 23/02/2023 | 23/02/2023 | Folleto |
